000
00280nam a2200121Ia 4500
008
190216s9999||||xx |||||||||||||| ||und||
100
_a
Hanson Earl D
245
0
_a
Jandhu Vividyam
260
_b
Kerala Bhasha Institute
_c
1973
300
_a
156p
650
_a
Zoology
942
_c
BK
999
_c
37873
_d
37873